Commonhold (Record no. 107506)

MARC details
000 -LEADER
fixed length control field 00880cam a22002175a 4500
001 - CONTROL NUMBER
control field L140467
008 - FIXED-LENGTH DATA ELEMENTS--GENERAL INFORMATION
fixed length control field 070924s2009 xxk f 000 0 eng d
035 ## - SYSTEM CONTROL NUMBER
System control number (Sirsi) u140467
041 0# - LANGUAGE CODE
Language code of text/sound track or separate title eng
050 04 - LIBRARY OF CONGRESS CALL NUMBER
Classification number 346.4104343 $2 18
110 2# - MAIN ENTRY--CORPORATE NAME
Corporate name or jurisdiction name as entry element United Kingdom
Subordinate unit Land Registry
9 (RLIN) 4774
245 00 - TITLE STATEMENT
Title Commonhold
Medium [electronic resource]
260 ## - PUBLICATION, DISTRIBUTION, ETC.
Place of publication, distribution, etc. Land Registry
Name of publisher, distributor, etc. [s.l]
Date of publication, distribution, etc. 2009
490 #0 - SERIES STATEMENT
Series statement Land Registry Practice Guide
Volume/sequential designation 60
520 ## - SUMMARY, ETC.
Summary, etc. Gives advice on the procedure to give effect to the registration of freehold estates in commonhold land under Part one of the Commonhold and Leasehold Reform Act 2002.
650 24 - SUBJECT ADDED ENTRY--TOPICAL TERM
Topical term or geographic name entry element COMMONHOLD AND LEASEHOLD REFORM ACT 2002
651 #4 - SUBJECT ADDED ENTRY--GEOGRAPHIC NAME
Geographic name England and Wales
Chronological subdivision 1543-
690 ## - LOCAL SUBJECT ADDED ENTRY--TOPICAL TERM (OCLC, RLIN)
Topical term or geographic name as entry element PROPERTY-COMMONHOLD PROPERTY
856 48 - ELECTRONIC LOCATION AND ACCESS
Uniform Resource Identifier <a href="https://www.landreg.gov.uk/upload/documents/lrpg060.pdf">https://www.landreg.gov.uk/upload/documents/lrpg060.pdf</a>
Public note View this item free of charge at www.landreg.gov.uk
942 ## - ADDED ENTRY ELEMENTS (KOHA)
Suppress in OPAC 0
Holdings
Withdrawn status Lost status Source of classification or shelving scheme Damaged status Not for loan Home library Current library Shelving location Date acquired Total Checkouts Full call number Barcode Date last seen Copy number Price effective from Koha item type
    Dewey Decimal Classification     Virtual Virtual Online 24/09/2007   ONLINE PUBLICATION 140467-1001 06/08/2019 1 06/08/2019 Book